| 000 | 00616nam a22002057a 4500 | ||
|---|---|---|---|
| 999 |
_c270 _d270 |
||
| 003 | AR-CdUCM | ||
| 008 | 190222b ||||| |||| 00| 0 spa d | ||
| 020 | _a9567014337 | ||
| 040 |
_aMUNICIPALIDAD PROVINCIAL DEL CUSCO _cBIBLIOTECA MUNICIPAL DEL CUSCO |
||
| 082 |
_a808.838 / _bG45 |
||
| 100 |
_aGil, Antonio _91148 |
||
| 245 |
_aHijo de mí : _blas fabulosas memorias de Don Diego de Almagro / |
||
| 260 |
_aChile : _bLos andes, _c1992. |
||
| 300 |
_a103 páginas ; _c22 cm. |
||
| 650 |
_aNovela _95 |
||
| 650 |
_aDiego de Almagro _91149 |
||
| 650 |
_aChile _91150 |
||
| 942 |
_2ddc _cLIBROS |
||
| 945 |
_aafb _d2019-02-22 |
||